200 manga/animé - Statistiques

Statistiques générales
  • Ce quiz a été pris 437 fois
    271 depuis la dernière actualisation
  • Le résultat moyen est 53 sur 205
Statistiques - réponses
Réponse % Correct
Naruto / Naruto Shippuden
96%
One Piece
95%
Dragon Ball / Dragon Ball Z / Dragon Ball Super
90%
Demon Slayer
84%
Bleach
80%
My Hero Academia / My Hero Academia Vigilante
78%
Jujutsu Kaisen
77%
L'Attaque des titans / L'Attaque des titans: Before the Fall
77%
Hunter x Hunter
75%
Death Note
72%
Fairy Tail / Fairy Tail: 100 Years Quest
72%
Assassination Classroom
68%
Black Clover / Black Clover Quartet Knight
66%
Blue Lock / Blue Lock: épisode Nagi
66%
One Punch Man
66%
Tokyo Ghoul
66%
Haikyu
65%
Boruto: next generation/ Boruto: Two Blue Vortex
64%
Fullmetal Alchemist
61%
Pokemon
60%
Berserk
59%
Tokyo Revengers
59%
Dr Stone
58%
Sword Art Online
58%
Vinland Saga
55%
Spy x Family
53%
Fire Force
52%
GTO
52%
Kuroko's Basket
52%
The Promised Neverland
52%
Blue Exorcist
51%
Jojo's Bizarre Adventure
51%
Detective Conan
50%
Seven Deadly Sins
50%
Black Butler
49%
Dandadan
49%
Food Wars
48%
Chainsaw Man
47%
Re:Zero
47%
Code Geass
45%
Nana
44%
Neon Genesis Evangelion
44%
Mashle
42%
Oshi no Ko
42%
Slam Dunk
42%
Solo Leveling
42%
Your lie in April
41%
Yu-Gi-Oh / Yu-Gi-Oh GX / Yu-Gi-Oh 5DS
41%
Sailor Moon
40%
Gintama
38%
Kenshin le vagabond
38%
Monster
38%
Your Name
38%
Parasyte
37%
Frieren
36%
Hell's Paradise
35%
Kingdom
35%
Soul Eater
35%
Captain Tsubasa
34%
Erased
34%
Mob Psycho 100
34%
Cowboy Bebop
33%
Death Parade
33%
Moi quand je me réincarne en Slime
33%
Overlord
33%
Saint Seiya / Les chevaliers du Zodiaques
32%
Baki / Baki Hanma
31%
Classroom of the Elite
31%
Sakamoto Days
31%
Darling in the Franxx
30%
Ippo
30%
Kaguya-sama: Love is War
30%
Made in Abyss
30%
Beastars
29%
No Game No Life
29%
Another
28%
Gambling School
28%
Akira
27%
Black Lagoon
27%
Devilman Crybaby
27%
Eyeshield 21
27%
Fruits Basket
27%
Noragami
27%
Albator
26%
City Hunter
26%
Les Carnets de l'Apothicaire
26%
Blue Period
25%
Akame Ga Kill / Red Eyes Swords / Blue Eyes Swords
24%
Bakuman
24%
Edens Zero
24%
Fate
24%
Kaiju n°8
24%
Ken le survivant
24%
Kill la Kill
24%
Psycho-Pass
24%
Wind Breaker
24%
Yu Yu Hakusho
24%
Cyberpunk
22%
Komi Cherche ses Mots
22%
Mushoku Tensei: Jobless Reincarnation
22%
Prison School
22%
Steins Gate
22%
Fire Punch
21%
Goblin Slayer
21%
Toriko
21%
Dororo
20%
Valkyrie Apocalypse
20%
Bungo Stray Dogs
18%
Tower of God
18%
Yuri On Ice
18%
Astro Boy
17%
Doraemon
17%
Le Voyage de Chihiro
17%
Sakura Chasseuse de Cartes
17%
Samuraï Champloo
17%
Shangri- La Frontier
17%
Tomodachi Game / Friends Games
17%
Trigun
17%
Beelzebub
16%
Dr Slump
16%
The Rising of the Shield Hero
16%
Gachiakuta
15%
Seraph of the End
15%
Shaman King
15%
Zom 100: Bucket list of the dead
15%
Ajin
14%
Ghost in the Shell
14%
The Quintessential Quintuplets
14%
Dorohedoro
13%
Gantz
13%
Kengan Ashura/ Kengan Omega
13%
Radiant
13%
Reborn
13%
Re/Life
13%
God of High School
12%
Grand Blue
12%
Suzume
12%
Undead Unluck
12%
Four Knights of the Apocalypse
11%
Les Mémoires de Vanitas
11%
Blood Lad
10%
Kagura Bachi
10%
King's Game
10%
Platinum End
10%
Accel World
9%
Alice in Borderland
9%
D Gray-Man
9%
Ranking of Kings
9%
Shy
9%
Violette Evergarden
9%
Dolly Kill Kill
8%
Green Worldz
8%
Sky-High Survival
8%
Black Torch
7%
Lookism
7%
Bubble
6%
Danganronpa
6%
Orient
6%
Arifureta
5%
Bucchigiri?!
5%
Judge
5%
Kindergarten Wars
5%
Lupin
5%
Mission Yozakura Family
5%
Darker Than Black
4%
Love of Kill
4%
NieR Automata
4%
Classroom for Heroes
3%
Jagaaan
3%
K Project
3%
La voie du tablier
3%
Le Fossoyeur
3%
Marriage Toxin
3%
Shadows House
3%
The Eminence in the Shadow
3%
Togen Anki: la légende du sang maudit
3%
Ultraman
3%
Under Ninja
3%
Berserk of Gluttony
2%
Dead Mount Death Play
2%
Dreamland
2%
Drifters
2%
Gleipnir
2%
Gokurakugai
2%
Juujika no Rokunin
2%
Kabaneri
2%
No Longer Ranger
2%
Phantom Seer
2%
Ripper
2%
Snowball Earth
2%
Summer Time Rendering
2%
Tengen Hero Wars
2%
Tokyo Aliens
2%
Valhallian the Black Iron
2%
Zodiac War
2%
BM the Beginning
1%
High Card
1%
I'm Quitting Heroing
1%
Killer Romantic
1%
Peach Boy Riverside
1%
Saiki Kusuo no Psi Man
1%
Shinobi no Ittoki
1%
The Kingdoms of Ruin
1%
The Witch and the Beast
1%
To the Abandoned Sacred Beasts
0%
Aucun quiz correspondant
Distribution des résultats
% des personnes avec chaque résultat
Percentile par nombre de réponses
Votre historique - résultats
Vous n’avez pas pris ce quiz depuis la dernière actualisation